00623nam a22002177a 450000500170000001000130001702000100003003500130004003700160005304000120006908200150008110000210009624500570011726000570017427000290023130000200026049000460028050000400032665000140036665000250038020170124110027.0 aA-517446 c58.00 aA-517446 bCen Lib/Ret aDPLbEN a400.7bPAT aPattanayak, D.P. aLanguage education and culture /cby D.P.Pattanayak aMysore bCentral institute of Indian languagesc1991 aMysore bMysore e570006 a299p.c20cm(Hb) aCIIL occasional monographs seriesvno. 46 aIncludes bibliographical reference  aEducation aLanguage and culture